Dunia haiwan purba

Bibliographic Details
Format: Book
Published: Kuala Lumpur : DBP , 1995
Series:Ensiklopedia tanya jawab
Subjects:

MARC

LEADER 00000cam a2200000 7i4500
001 0000008253
002 000008999
005 20000330.0
020 |a 9836200991 
090 0 0 |a 030   |b ENS 
245 0 0 |a Dunia haiwan purba 
260 |a Kuala Lumpur :   |b DBP ,   |c 1995 
300 |a p.v. :   |b ill. ;   |c 27 cm. 
490 0 |a Ensiklopedia tanya jawab 
650 0 0 |a Dinosaurs   |x Habits and Behaviors   |x Juvenile literature 
999 |a 052762   |b BUKU   |c RUJUKAN   |e PERPUSTAKAAN KOMUNITI PETALING JAYA 
999 |a 052763   |b BUKU   |c PINJAMAN   |e PERPUSTAKAAN KOMUNITI PETALING JAYA 
999 |a 052764   |b BUKU   |c PINJAMAN   |e PERPUSTAKAAN KOMUNITI PETALING JAYA 
999 |a 054814   |b BUKU   |c JUNIOR BOOKS   |e PERPUSTAKAAN KOMUNITI CAW KOTA DAMANSARA